Counter-Strike Players by Real Name - Statistics

General Stats
  • This quiz has been taken 5,630 times
  • The average score is 12 of 18
Answer Stats
Real Name Pseudonym % Correct
Aleksandr Kostyliev s1mple
91%
Nikola Kovač NiKo
89%
Patrik Lindberg f0rest
85%
Nicolai Reedtz device
75%
Chris de Jong chrisJ
73%
Jesper Wecksell JW
73%
Marcelo David coldzera
72%
Richard Papillon shox
70%
Christopher Alesund GeT_RiGhT
68%
Ladislav Kovács GuardiaN
66%
Lukas Rossander gla1ve
60%
Valdemar Bjørn Vangså valde
60%
Freddy Johansson KRIMZ
56%
Nick Cannella nitr0
55%
David Čerňanský frozen
46%
Philip Aistrup aizy
44%
Abay Khasenov Hobbit
44%
Johannes Wodarz tabseN
40%
No matching quizzes found
Score Distribution
Percent of People with Each Score
Percentile by Number Answered
Your Score History
You have not taken this quiz